Warrior cats D names - Statistics

General Stats
  • This quiz has been taken 20 times
  • The average score is 19 of 74
Answer Stats
% Correct
Dark shadow over water
73%
Darktail
73%
Dustpelt
73%
Dappletail
64%
Darkstripe
64%
DaisyLo
55%
DaisyTc
55%
Dawnpelt
55%
Deadfoot
55%
Dandelionkit
45%
DarkstarCotc
45%
DarkstarMv
45%
DarkstarSkc
45%
Dovewing
45%
Duskfur
45%
Daisytoe
36%
Dappled pelt
36%
Dawnstar
36%
Dew
36%
Drizzle
36%
Duststar
36%
Daisytail
27%
Darkflower
27%
Darkfoot
27%
Dart
27%
Dash
27%
Deerleap
27%
Dew nose
27%
Dewnose
27%
Doestar
27%
DovestarRc
27%
DovestarWc
27%
Duskpaw
27%
Dust muzzle
27%
Daisyheart
18%
Dawncloud
18%
Dawnflower
18%
Dawnstripe
18%
Deerdapple
18%
Deerfoot
18%
Deerpaw
18%
Dewspots
18%
Dewspring
18%
Dewstar
18%
Diesel
18%
Doespring
18%
Dragonfly
18%
Duskshine
18%
Dustflower
18%
Daffodil
9%
Dancing leaf
9%
Dangling leaf
9%
Dapplenose
9%
Dappletuft
9%
Dark whiskers
9%
Dawnbright
9%
Dawnfeather
9%
Dawn mist
9%
Dawn river
9%
Dewkit
9%
Dew petal
9%
Dewy leaf
9%
Dodge
9%
Domino
9%
Dotty
9%
Dove's wing
9%
Downkit
9%
Driftkit
9%
Duckpaw
9%
Dudley
9%
Duke
9%
Dusk nose
9%
Dusk smoke
9%
Duskwater
9%
No matching quizzes found
Score Distribution
Percent of People with Each Score
Percentile by Number Answered
Your Score History
You have not taken this quiz